Historia de la música española
Tallennettuna:
| Päätekijä: | |
|---|---|
| Aineistotyyppi: | Kirja |
| Kieli: | espanja |
| Julkaistu: |
Madrid
Alianza
1985
|
| Sarja: | Alianza Música, 4
|
| Aiheet: | |
| Tagit: |
Lisää tagi
Ei tageja, Lisää ensimmäinen tagi!
|
MARC
| LEADER | 00000nam a2200000 a 4500 | ||
|---|---|---|---|
| 001 | UCL0772 | ||
| 003 | CL-VaPUC | ||
| 005 | 20231110123256.0 | ||
| 008 | 030818e19850000SP |||||||||||||||||spa|d | ||
| 999 | |c 304551 |d 304549 | ||
| 020 | |a 8420689882 | ||
| 020 | |a 8420685046 (v.4) | ||
| 040 | |c Pontificia Universidad Católica de Valparaíso | ||
| 082 | 0 | 4 | |a 780.946 LOP 1985 |2 21 |
| 100 | |a López de Osaba, Pablo |e autor |9 477520 | ||
| 245 | 1 | 0 | |a Historia de la música española |
| 260 | |a Madrid |b Alianza |c 1985 | ||
| 300 | |a v | ||
| 490 | 0 | |a Alianza Música, 4 | |
| 500 | |a v.4: Siglo XVIII | ||
| 583 | |a last modification |c 20160826 12:45:10 |k Rodrigo Vera | ||
| 650 | 0 | |a Música española, siglo 18 |2 CL-VaPUC |9 477521 | |
| 650 | 0 | |a Historia de la música |9 306741 | |
| 942 | |c BK |2 ddc | ||
| 945 | |d 20030818 00:00:00 |a cmena | ||
| 952 | |0 0 |1 0 |2 ddc |4 0 |6 780_946000000000000_LOP_1985 |7 0 |8 A |9 366926 |a BIBEDU |b BIBEDU |d 2019-11-21 |h v.4 |i 3928179 |o 780.946 LOP 1985 |p 3928179 |r 2023-01-12 |w 2019-11-21 |y BK |k MUS | ||